000 00934nam a2200289 a 4500
001 33062
003 BD-RjUL
005 20211209051935.0
008 140430s1995 ii b 001 0 eng
020 _a0803992041 (U.S.)
020 _a8170364329(Indian)
035 _a(BD-RjUL)33153
040 _aDLC
_cDLC
_dDLC
_dBD-RjUL
_beng
041 _aeng
082 0 0 _a301.0954
_220
_bOOA 1995
100 1 _aOommen, T. K.,
_d1937-
_97187
245 1 0 _aAlien concepts and South Asian reality :
_bresponses and reformulations /
_cT.K. Oommen.
260 _aNew Delhi ;
_aThousand Oaks, Calif. :
_bSage Pubications,
_c1995.
300 _a253 p. ;
_c23 cm.
504 _aIncludes bibliographical references (p. [236]-245) and index.
650 0 _aSociology
_zIndia.
_9100473
650 0 _aSociology
_xMethodology.
_9100474
650 0 _aSociology
_xPhilosophy.
_943002
942 _2ddc
_cBK
999 _c33062
_d33062